| 000 -ლიდერი |
| ფიქსირებული სიგრძის საკონტროლო ველი |
01031nam a2200229Ia 4500 |
| 001 - საკონტროლო ნომერი |
| საკონტროლო ველი |
6334 |
| 003 - საკონტროლო ნომრის იდენტიფიკატორი |
| საკონტროლო ველი |
GE_BSU |
| 005 - ბოლო ოპერაციის თარიღი და დრო |
| საკონტროლო ველი |
20190626205135.0 |
| 008 - ფიქსირებული სიგრძის მონაცემთა ელემენტები - ზოგადი ინფორმაცია |
| ფიქსირებული სიგრძის საკონტროლო ველი |
181216s1983|||| |||||||||||||| ||geo|| |
| 041 ## - ენის კოდი |
| Language code of text/sound track or separate title |
geo |
| 080 ## - უნივერსალური ათობითი კლასიფიკაციის ინდექსი |
| Universal Decimal Classification number |
62-83 კ-41 |
| 100 ## - მთავარი ჩანაწერი - პიროვნების სახელი |
| Personal name |
კერვალიშვილი, ო. |
| 9 (RLIN) |
2982 |
| 245 ## - ცნობა სათაურის შესახებ |
| Title |
ელექტროამძრავების ავტომატური მართვა. ნაწ.1 : სახელმძღვ. / |
| Statement of responsibility, etc |
ო. კერვალიშვილი ; ჯ. დოჭვირი ; რედ : ე.გოგუაძე. |
| 264 ## - წარმოების, გამოცემის, დისტრიბუციის და სხვა ცნობები |
| გამოცემის, წარმოების, დისტრიბუციის... ადგილი |
თბილისი : |
| გამოცემის, წარმოების, დისტრიბუციის... სახელწოდება |
სპი, |
| გამოცემის, წარმოების, დისტრიბუციის... თარიღი |
1983. |
| 300 ## - ფიზიკური აღწერა |
| Extent |
92 გვ .: |
| Other physical details |
ილ; |
| Dimensions |
20 სმ. |
| 504 ## - BIBLIOGRAPHY, ETC. NOTE |
| Bibliography, etc |
ბიბლიოგრ.:გვ.89 |
| 653 ## - INDEX TERM--UNCONTROLLED |
| Uncontrolled term |
ექტროამძრავების ავტომატური მართვა |
| 653 ## - INDEX TERM--UNCONTROLLED |
| Uncontrolled term |
ტექნიკა |
| 700 ## - ADDED ENTRY--PERSONAL NAME |
| Personal name |
დოჭვირი, ჯ |
| 9 (RLIN) |
2983 |
| 700 ## - ADDED ENTRY--PERSONAL NAME |
| Personal name |
გოგუაძე, ე |
| Relator term |
რედაქტორი |
| 9 (RLIN) |
2984 |
| 942 ## - ADDED ENTRY ELEMENTS (KOHA) |
| Koha item type |
წიგნი |
| Source of classification or shelving scheme |
|